000
00291nam a22001217a 4500
005
20251002121822.0
008
251002b |||||||| |||| 00| 0 eng d
040
_c
PK-LaNCA
082
_a
712
_b
LAN
245
_a
Landscape design : a practical approach
650
_a
Architecture
942
_c
BK
999
_c
66758
_d
66758